000 01100nam a22003137a 4500
001 4203
003 FISKH
005 20250205153610.0
008 240701b cb ||||| |||| 00| 0 eng d
020 _a0439326885
040 _aFISKH
_beng
_cFISKH
_dFISKH
050 _aPZ7.P2197
082 _a813.54
100 _aPark, Barbara
245 _aJunie B. Jones Is a graduation girl /
_cby Barbara Park ; illustrated by Denise Brunkus
250 _aFirst Scholastic printing, May 2002
260 _aNew York :
_bScholastic,
_c2001
300 _a69 pages :
_billustrations ;
_c20 cm
490 _aJunie B. Jones
_vBook 17
505 _aM
520 _aJunie B. Jones has just turned six and is looking forward to her kindergarten graduation, but when grape juice stains the white gown she couldn't resist trying on, she is afraid graduation is ruined.
521 8 _a550
_bLexile
521 8 _aM
_bRaz-Plus
650 _aGraduation
_xHumor
_ySeries
650 _aRealistic Fiction
700 _aBrunkus, Denise
_eillustrator
942 _2ddc
_cBK
_n0
999 _c4203
_d4203